Ancient Greece in Greek Quiz Stats

 Plays Quiz Updated Mar 4, 2020

Support Sporcle.
Go Orange.
Score 0/50 Timer 10:00
0 Plays Today
Category Romanized % Correct
Gods and GoddessesZeus
94.1%
Gods and GoddessesHera
85.5%
Gods and GoddessesAres
81.9%
Gods and GoddessesAthena
81.8%
Gods and GoddessesArtemis
78.8%
Gods and GoddessesApollo
77.6%
Gods and GoddessesPoseidon
76.4%
Gods and GoddessesAphrodite
76.4%
Gods and GoddessesDemeter
72.4%
Buildings/StructuresAcropolis
69.9%
Buildings/StructuresParthenon
66.9%
Gods and GoddessesDionysus
66.8%
Gods and GoddessesHermes
66.3%
LocationsAthens
65.4%
Gods and GoddessesPersephone
65.1%
Gods and GoddessesHestia
63.4%
Gods and GoddessesHephaestus
62.6%
LocationsOlympia
61.4%
LocationsSparta
59.4%
Gods and GoddessesHades
59.1%
LocationsCrete
58.6%
LocationsDelphi
57.6%
PeoplePlato
56.2%
PeopleSocrates
54.8%
PeopleAristotle
53.1%
Category Romanized % Correct
LocationsIonia
52.2%
LocationsCorinth
52%
PeoplePericles
50%
LocationsArgos
47.5%
PeopleArchimedes
47.3%
LocationsMegara
46.4%
LocationsRhodes
45.7%
LocationsThebes
45.7%
PeopleHippocrates
45.5%
PeopleEuripides
45.2%
PeoplePythagoras
45%
PeopleEuclid
44.1%
LocationsLesbos
42.8%
PeopleAristophanes
42.7%
PeoplePlutarch
42.3%
PeopleHomer
41.6%
PeopleHerodotus
41.5%
LocationsDodona
40.6%
LocationsPeloponnese
39.6%
PeopleEpicurus
35.9%
PeopleDemocritus
33.3%
PeopleHesiod
32.2%
PeopleAeschylus
29.6%
PeopleLysander
28.3%
LocationsMycenae
25.6%

You're not logged in!

Compare scores with friends on all Sporcle quizzes.
OR
Log In

From the Vault

Presidential Popular Vote

by soxfan1

Some of these guys were popular enough to win, they just chose the wrong year to run.
Remove Ads.
Support Sporcle.
Get the best of Sporcle when you Go Orange. This ad-free experience offers more features, more stats, and more fun while also helping to support Sporcle. Thank you for becoming a member.

Show Comments

Extras

Top Quizzes Today


Score Distribution

Your Account Isn't Verified!

In order to create a playlist on Sporcle, you need to verify the email address you used during registration. Go to your Sporcle Settings to finish the process.

Report this User

Report this user for behavior that violates our Community Guidelines.

Details: